000 00752nam a2200265Ia 4500
005 20260302115401.0
008 008 260114s9999 xx 000 0 eng d
020 _a9798216968160
037 _aTextbook
040 _aCRL
040 _beng
040 _cCRL
041 _2eng
041 _aeng
084 _qCRL
100 _aMichael A. Bain, Robin B. Brigman, Joseph M. Flora, Susan McClanahan
_91121468
245 0 _aFifty Southern Writers After 1900 A Bio-Bibliographical Sourcebook
260 _bBloomsbury
260 _bGreenwood
260 _c1987
650 _aLiterary Studies
856 _uhttps://doi.org/10.5040/9798216968160?locatt=label:secondary_bloomsburyCollections
942 _cEBOOK
999 _c1686023
_d1686023